[Event "Sparkassen-Open A"]
[Site "Heusenstamm, Martinsee"]
[Date "2025.11.22"]
[Round "5.62"]
[White "Mellinghoff, Arthur"]
[Black "Seidel, Andre"]
[Result "0-1"]
[WhiteElo "1763"]
[BlackElo "2142"]
[PlyCount "76"]
[EventDate "2025.11.20"]
[WhiteTeam "Aachen"]
[BlackTeam "SV Oberursel"]

1. b3 d5 2. Bb2 Bf5 3. Nf3 e6 4. e3 Nf6 5. d4 Nbd7 6. c4 c6 7. Be2 Bb4+ 8. Nbd2 Ne4 9. Rc1 Qa5 10. a3 Bxa3 11. Ra1 Bxb2 12. Rxa5 Nc3 13. Ne4 Nxd1 14. Nd6+ Ke7 15. Nxf5+ exf5 16. Kxd1 Bc3 17. Ra2 Nf6 18. Bd3 Ne4 19. Rc2 Bb4 20. cxd5 cxd5 21. Bxe4 fxe4 22. Rc7+ Kd6 23. Rxb7 Rhb8 24. Rxb8 Rxb8 25. Nh4 Ke6 26. g3 Rc8 27. Ng2 Rc3 28. Nf4+ Kd6 29. Rf1 Rxb3 30. Kc2 Rc3+ 31. Kb2 a5 32. Ra1 g5 33. Ne2 Rd3 34. Rc1 Ba3+ 35. Kc2 Bxc1 36. Nxc1 Ra3 37. Kb2 Ra4 38. Kb3 Rb4+ 0-1

[Event "Sparkassen-Open A"]
[Site "Heusenstamm, Martinsee"]
[Date "2025.11.22"]
[Round "5.63"]
[White "Rose, Daniel"]
[Black "Feick, Claas Marten"]
[Result "1-0"]
[WhiteElo "2128"]
[BlackElo "1904"]
[PlyCount "71"]
[EventDate "2025.11.20"]
[WhiteTeam "SV Königsjäger Süd-West e.V."]
[BlackTeam "SF Neuberg"]

1. d4 Nf6 2. c4 e6 3. Nc3 Bb4 4. f3 O-O 5. e4 Bxc3+ 6. bxc3 Nh5 7. Qd2 f5 8. Qg5 Qe8 9. e5 h6 10. Qh4 g5 11. Qf2 Qg6 12. Bd3 Qg7 13. Ne2 d6 14. h4 g4 15. Nf4 Nxf4 16. Bxf4 Nc6 17. Qe3 Kh7 18. fxg4 dxe5 19. dxe5 Qxg4 20. Be2 Qg7 21. O-O-O Ne7 22. Rh3 Rg8 23. Rg3 Qf8 24. Rxg8 Nxg8 25. Bh5 a5 26. Qg3 Ra6 27. Qg6+ Kh8 28. Rd3 Qa3+ 29. Kd1 Rb6 30. Rd8 Qa4+ 31. Ke1 Rb1+ 32. Kf2 Qc2+ 33. Be2 Rf1+ 34. Kxf1 Qb1+ 35. Kf2 Qb6+ 36. Kg3 1-0

[Event "Sparkassen-Open A"]
[Site "Heusenstamm, Martinsee"]
[Date "2025.11.22"]
[Round "5.64"]
[White "Weil, Michael"]
[Black "Hoffmann, Jens"]
[Result "1/2-1/2"]
[WhiteElo "1907"]
[BlackElo "2094"]
[PlyCount "131"]
[EventDate "2025.11.20"]
[WhiteTeam "SC Steinbach"]
[BlackTeam "SF HN-Biberach 1978 e.V."]

1. d4 Nf6 2. Nf3 g6 3. Bg5 Bg7 4. Nbd2 d5 5. e3 c5 6. c3 Nbd7 7. Bd3 h6 8. Bh4 g5 9. Bg3 Nh5 10. Be5 Nxe5 11. Nxe5 Bxe5 12. dxe5 Ng7 13. h4 g4 14. Bb5+ Kf8 15. Be2 h5 16. e4 Be6 17. O-O Qc7 18. f4 gxf3 19. Bxf3 d4 20. cxd4 cxd4 21. Nb3 Rd8 22. Rc1 Qxe5 23. Nc5 b6 24. Nd3 Qg3 25. Qa4 a5 26. Qb5 Qd6 27. Rc6 Qd7 28. Qxb6 Rc8 29. Rxc8+ Qxc8 30. Rc1 Qd7 31. Qxa5 Ne8 32. Nc5 Qd6 33. e5 Qb8 34. Nxe6+ fxe6 35. b4 Ng7 36. Qc5 Kf7 37. Be4 Rd8 38. Rd1 Nf5 39. Bxf5 exf5 40. Rxd4 Qa8 41. Qc4+ Kf8 42. Rxd8+ Qxd8 43. b5 Qa5 44. Qe2 e6 45. Kh2 Qc3 46. g3 Qd4 47. a4 Qxa4 48. Qb2 Ke7 49. b6 f4 50. b7 fxg3+ 51. Kxg3 Qg4+ 52. Kf2 Qf4+ 53. Ke1 Qe3+ 54. Kd1 Qd3+ 55. Kc1 Qf1+ 56. Kc2 Qg2+ 57. Kb1 Qf1+ 58. Ka2 Qc4+ 59. Qb3 Qe2+ 60. Kb1 Qe1+ 61. Ka2 Qd2+ 62. Qb2 Qd5+ 63. Kb1 Qd1+ 64. Ka2 Qd5+ 65. Kb1 Qd1+ 66. Ka2 1/2-1/2

[Event "Sparkassen-Open A"]
[Site "Heusenstamm, Martinsee"]
[Date "2025.11.22"]
[Round "5.65"]
[White "Peter, Laurenz"]
[Black "Segna, Ulrich"]
[Result "0-1"]
[WhiteElo "1896"]
[BlackElo "2090"]
[PlyCount "116"]
[EventDate "2025.11.20"]
[WhiteTeam "SPORTGEM Kaarst 1912/35"]
[BlackTeam "SV 1920 Hofheim"]

1. d4 f5 2. Nf3 Nf6 3. c4 g6 4. g3 Bg7 5. Bg2 O-O 6. O-O d6 7. b4 e5 8. Qb3 e4 9. Nfd2 Nc6 10. Bb2 d5 11. e3 Ne7 12. a4 c6 13. b5 Be6 14. Ba3 g5 15. bxc6 bxc6 16. Qb7 Rf7 17. Bxe7 Rxe7 18. Qxc6 dxc4 19. Nc3 Rc8 20. Qa6 Nd5 21. Nb5 c3 22. Nxe4 fxe4 23. Rfc1 Nb4 24. Qd6 Qxd6 25. Nxd6 Rd8 26. Nxe4 c2 27. Nxg5 Bb3 28. Bf1 Rc8 29. Ra3 Na2 30. Rxc2 Bxc2 31. Rxa2 a5 32. Ba6 Rc6 33. Bb5 Rc8 34. d5 Be5 35. Bc6 Bb1 36. Rd2 Bd6 37. Rb2 Rb8 38. Rd2 h6 39. Ne6 Be4 40. f3 Bxf3 41. Nd4 Be4 42. Bb5 Rf8 43. Bc4 Kh7 44. Ne6 Rc8 45. Rd4 Bf5 46. Ba6 Rc2 47. Rh4 Rc1+ 48. Kf2 Bxe6 49. Bd3+ Kg7 50. dxe6 Rxe6 51. Rg4+ Kf8 52. Bf5 Rf6 53. e4 Be5 54. Ke3 Rc3+ 55. Kd2 Ra3 56. Bh7 Rf2+ 57. Ke1 Rxh2 58. Rg8+ Kf7 0-1

[Event "Sparkassen-Open A"]
[Site "Heusenstamm, Martinsee"]
[Date "2025.11.22"]
[Round "5.66"]
[White "Calvi, Stefan"]
[Black "Arne, Jonas"]
[Result "1-0"]
[WhiteElo "2008"]
[BlackElo "1896"]
[PlyCount "99"]
[EventDate "2025.11.20"]
[WhiteTeam "SV Oberursel"]
[BlackTeam "SK Kaiserslautern 1905"]

1. e4 c5 2. Nf3 a6 3. c3 d5 4. exd5 Qxd5 5. d4 e6 6. Be3 cxd4 7. cxd4 Nc6 8. Nc3 Qd8 9. Be2 Nf6 10. O-O Be7 11. Ne5 O-O 12. Nxc6 bxc6 13. Rc1 Nd5 14. Nxd5 cxd5 15. Bf4 Bd6 16. Qd2 Qb6 17. Bxd6 Qxd6 18. Rc3 Bd7 19. Rg3 Bb5 20. Rc1 Bxe2 21. Qxe2 Rfc8 22. Rgc3 Qd7 23. Qc2 Rxc3 24. Qxc3 Rb8 25. Qc6 Qxc6 26. Rxc6 g6 27. b3 a5 28. Ra6 Rb5 29. Kf1 Kg7 30. Ke2 Kf6 31. Kd3 h5 32. Ra7 g5 33. Kc3 Kg6 34. a4 Rb6 35. Rxa5 Kf5 36. Rb5 Ra6 37. Kd3 Kf4 38. a5 g4 39. b4 h4 40. Rb6 Ra8 41. a6 h3 42. gxh3 gxh3 43. b5 Kf3 44. Rb7 Kg2 45. Rxf7 Kxh2 46. a7 Kg2 47. Rh7 h2 48. b6 Rf8 49. Rxh2+ Kxh2 50. b7 1-0

[Event "Sparkassen-Open A"]
[Site "Heusenstamm, Martinsee"]
[Date "2025.11.22"]
[Round "5.67"]
[White "Dubinker, Philipp"]
[Black "Junker, Christian"]
[Result "1/2-1/2"]
[WhiteElo "1911"]
[BlackElo "2008"]
[PlyCount "101"]
[EventDate "2025.11.20"]
[WhiteTeam "SK Marburg 1931/72"]
[BlackTeam "SV 1926 Neu-Isenburg"]

1. Nf3 d6 2. d4 g6 3. c4 Bg7 4. g3 Nf6 5. Bg2 Nbd7 6. O-O O-O 7. Nc3 e5 8. e4 Re8 9. h3 c6 10. Be3 a5 11. Qc2 Qe7 12. d5 Nc5 13. Nd2 Bd7 14. b3 cxd5 15. cxd5 b5 16. Bxc5 dxc5 17. a4 b4 18. Nd1 Bc8 19. Nb2 Ba6 20. Ndc4 Qc7 21. Rfd1 Nd7 22. Ra2 Bb7 23. Bf1 Rf8 24. Ne3 Bh6 25. Nbc4 Qd8 26. Ng4 Bg7 27. Nge3 Qe7 28. h4 Qd8 29. Bh3 Nb8 30. Qe2 Na6 31. h5 Re8 32. Kg2 Nc7 33. Nb6 Ra7 34. Nd7 Na6 35. hxg6 hxg6 36. Nc4 Bc8 37. Ncb6 Bxd7 38. Nxd7 Re7 39. Qb5 Rexd7 40. Bxd7 Qxd7 41. Qxa5 Bf8 42. Qb5 Bd6 43. Rh1 Nb8 44. Qe2 Bf8 45. f4 Bg7 46. Rc2 Qd6 47. Qg4 Nd7 48. f5 Rc7 49. fxg6 Qxg6 50. Qxg6 fxg6 51. Kf3 1/2-1/2

[Event "Sparkassen-Open A"]
[Site "Heusenstamm, Martinsee"]
[Date "2025.11.22"]
[Round "5.68"]
[White "Arkhipenko, Denis"]
[Black "von Auer, Ulrich"]
[Result "0-1"]
[WhiteElo "1804"]
[BlackElo "1997"]
[PlyCount "112"]
[EventDate "2025.11.20"]
[WhiteTeam "SC Heusenstamm"]
[BlackTeam "SV Oberursel"]

1. d4 Nf6 2. Bf4 d5 3. e3 e6 4. Nd2 c5 5. c3 Nc6 6. Ngf3 Be7 7. Bd3 Nh5 8. Bg3 Nxg3 9. hxg3 h6 10. Ne5 Nxe5 11. dxe5 Bd7 12. Qg4 Bf8 13. e4 Qe7 14. a4 O-O-O 15. Qe2 f6 16. Nf3 g5 17. exf6 Qxf6 18. e5 Qe7 19. a5 Bg7 20. Bb5 Rhf8 21. c4 Bxb5 22. cxb5 Rf5 23. g4 Rf4 24. Nd2 Qc7 25. Rc1 b6 26. Rh3 Rb4 27. axb6 Qxb6 28. Rhc3 Bf8 29. Rb3 Rxb3 30. Nxb3 c4 31. Qe3 Qxe3+ 32. fxe3 Bg7 33. Nd4 Bxe5 34. b3 Kb7 35. bxc4 Bxd4 36. exd4 dxc4 37. Rxc4 Rd5 38. Rb4 Kb6 39. Kf2 Rxb5 40. Rc4 a5 41. Ke3 Rd5 42. Ke4 Kb5 43. Rc8 a4 44. Rb8+ Kc4 45. Rc8+ Kb4 46. Rc6 a3 47. Rxe6 a2 48. Kxd5 a1=Q 49. Rxh6 Qa2+ 50. Ke5 Qxg2 51. d5 Qg3+ 52. Ke6 Kc5 53. Rf6 Qxg4+ 54. Rf5 Qe4+ 55. Re5 Qg6+ 56. Ke7 Qd6+ 0-1

[Event "Sparkassen-Open A"]
[Site "Heusenstamm, Martinsee"]
[Date "2025.11.22"]
[Round "5.69"]
[White "Werner, Florin"]
[Black "Kirchmann, Sascha"]
[Result "1-0"]
[WhiteElo "1912"]
[BlackElo "1890"]
[PlyCount "27"]
[EventDate "2025.11.20"]
[WhiteTeam "VSG 1880 Offenbach"]
[BlackTeam "SAbt SU Mühlheim"]

1. e4 d5 2. exd5 Qxd5 3. Nc3 Qa5 4. d4 Nf6 5. Nf3 Bf5 6. Bc4 e6 7. Bd2 c6 8. Ne5 h6 9. g4 Bh7 10. Qe2 Qc7 11. Bf4 Qe7 12. O-O-O Nbd7 13. Rhe1 O-O-O 14. Nxc6 1-0

[Event "Sparkassen-Open A"]
[Site "Heusenstamm, Martinsee"]
[Date "2025.11.22"]
[Round "5.70"]
[White "Pfarr, Michael"]
[Black "Röß, Jonas"]
[Result "1-0"]
[WhiteElo "1969"]
[BlackElo "1882"]
[PlyCount "89"]
[EventDate "2025.11.20"]
[WhiteTeam "SK 1928 Mömbris"]
[BlackTeam "SV Würzburg von 1865 e.V."]

1. e4 c5 2. Nf3 d6 3. c3 Nf6 4. h3 e5 5. d4 exd4 6. cxd4 Nxe4 7. Bd3 Nf6 8. O-O Be7 9. Nc3 O-O 10. Bf4 cxd4 11. Nxd4 a6 12. Nf5 Bxf5 13. Bxf5 Re8 14. Qb3 Qa5 15. g4 Nc6 16. Rfd1 Ne5 17. Nd5 Bf8 18. Nxf6+ gxf6 19. Rd5 Qc7 20. Rc1 Qe7 21. Qg3 Red8 22. Rcd1 b5 23. Kg2 Qb7 24. f3 Ng6 25. Be4 Qc7 26. h4 Qc4 27. R5d2 d5 28. b3 Qb4 29. Rd4 Qa3 30. Bxd5 Rac8 31. Bxf7+ Kxf7 32. Rxd8 Qxa2+ 33. R1d2 Rc2 34. R8d7+ Be7 35. h5 Nxf4+ 36. Qxf4 Qxb3 37. Kg3 Rxd2 38. Qxd2 Ke8 39. Ra7 Qa3 40. Qd7+ Kf8 41. Ra8+ Kf7 42. Qd5+ Kg7 43. Rg8+ Kh6 44. Qd2+ Qe3 45. Qxe3# 1-0

[Event "Sparkassen-Open A"]
[Site "Heusenstamm, Martinsee"]
[Date "2025.11.22"]
[Round "5.71"]
[White "Blaschke, Henri Johannes"]
[Black "Griesfeller, Sven"]
[Result "1/2-1/2"]
[WhiteElo "1970"]
[BlackElo "1869"]
[PlyCount "27"]
[EventDate "2025.11.20"]
[WhiteTeam "SK Vellmar 1950"]
[BlackTeam "Schachdrachen Büdingen-Wächtersb"]

1. c4 e5 2. g3 Nf6 3. Bg2 Bc5 4. Nc3 O-O 5. a3 Re8 6. e3 c6 7. Nge2 d5 8. cxd5 cxd5 9. d4 exd4 10. exd4 Bb6 11. O-O Nc6 12. Bg5 Bg4 13. Bxf6 gxf6 14. Qd3 1/2-1/2

[Event "Sparkassen-Open A"]
[Site "Heusenstamm, Martinsee"]
[Date "2025.11.22"]
[Round "5.72"]
[White "Hoffmann, Christian"]
[Black "Eichstädt, Enrico"]
[Result "1-0"]
[WhiteElo "1891"]
[BlackElo "1970"]
[PlyCount "102"]
[EventDate "2025.11.20"]
[WhiteTeam "SAbt BKA Wiesbaden"]
[BlackTeam "SK Norderstedt von 1975"]

1. e4 c5 2. d4 cxd4 3. Qxd4 Nf6 4. Nc3 Nc6 5. Qe3 d5 6. exd5 Nxd5 7. Nxd5 Qxd5 8. c4 Qd4 9. Nf3 Qxe3+ 10. Bxe3 Bg4 11. Nd4 Nxd4 12. Bxd4 f6 13. Be2 Bxe2 14. Kxe2 e5 15. Be3 b6 16. Rad1 Rd8 17. Rxd8+ Kxd8 18. a3 Kc7 19. b4 Be7 20. Rd1 Rd8 21. Rxd8 Bxd8 22. Kd3 f5 23. f3 Kc6 24. a4 Be7 25. Bd2 Bd6 26. g4 e4+ 27. fxe4 fxg4 28. Bc3 Bxh2 29. Bxg7 Bf4 30. e5 h5 31. b5+ Kd7 32. Bf6 Ke6 33. c5 bxc5 34. a5 c4+ 35. Kxc4 Be3 36. Kd3 Bf2 37. Ke4 Bc5 38. Bh4 Bg1 39. Bg3 Bc5 40. a6 Bb6 41. Kf4 Bc7 42. Kg5 Bb6 43. Kxh5 Kf5 44. Kh6 Bc5 45. Kg7 Ke6 46. Kg6 Be3 47. Bf4 Bc5 48. Kg5 Kd5 49. Kxg4 Kc4 50. Be3 Bxe3 51. e6 Bc5 1-0

[Event "Sparkassen-Open A"]
[Site "Heusenstamm, Martinsee"]
[Date "2025.11.22"]
[Round "5.73"]
[White "Trenz, Finn"]
[Black "Kulenovic, Adnan"]
[Result "0-1"]
[WhiteElo "1952"]
[BlackElo "1854"]
[PlyCount "146"]
[EventDate "2025.11.20"]
[WhiteTeam "SV Multatuli Ingelheim e.V."]
[BlackTeam "Spielgemeinschaft Kinzigtal"]

1. e4 e6 2. b3 d5 3. Bb2 Nf6 4. e5 Nfd7 5. Qg4 c5 6. f4 Nc6 7. Nf3 a6 8. a4 Qb6 9. Nc3 c4 10. a5 Nxa5 11. f5 Nc5 12. bxc4 Nxc4 13. Bxc4 exf5 14. Qd4 dxc4 15. Nd5 Qd8 16. Ba3 Be6 17. Ne3 Qxd4 18. Nxd4 Rc8 19. Nexf5 g6 20. Nxe6 fxe6 21. Nd4 Bg7 22. Rb1 b5 23. O-O Bxe5 24. Bxc5 Rxc5 25. Nxe6 Rc6 26. Ng5 Bd4+ 27. Kh1 h6 28. Rbe1+ Kd7 29. Rf7+ Kc8 30. Nf3 Bf6 31. Re4 g5 32. Kg1 b4 33. Kf2 Bb2 34. Ra7 Kb8 35. Ree7 g4 36. Reb7+ Kc8 37. Rxb4 Bf6 38. Ra8+ Kc7 39. Rxh8 Bxh8 40. Nh4 Be5 41. g3 Bd4+ 42. Ke2 a5 43. Rb5 Ra6 44. Nf5 Re6+ 45. Kd1 Bb6 46. Ng7 Rg6 47. Nh5 Kc6 48. Rf5 a4 49. c3 Bd8 50. Kc2 Rg5 51. Rf8 Be7 52. Rf7 Kd6 53. Nf4 Rb5 54. Ne2 a3 55. Nd4 Rb2+ 56. Kc1 Bg5 57. Nc2 Rb5 58. Nxa3 Rc5 59. Kc2 Ke5 60. Rd7 Ke4 61. Rd4+ Kf3 62. Nxc4 h5 63. Kd3 Kg2 64. Re4 Kxh2 65. Ke2 Kxg3 66. Nd6 h4 67. Re8 Kg2 68. Ne4 Rf5 69. Rg8 h3 70. Nxg5 h2 71. Rh8 Ra5 72. d4 h1=Q 73. Rxh1 Kxh1 0-1

[Event "Sparkassen-Open A"]
[Site "Heusenstamm, Martinsee"]
[Date "2025.11.22"]
[Round "5.74"]
[White "Faßler, Felix"]
[Black "Bogucanin, Mirsad"]
[Result "1-0"]
[WhiteElo "1859"]
[BlackElo "1966"]
[PlyCount "61"]
[EventDate "2025.11.20"]
[WhiteTeam "SC Fulda"]
[BlackTeam "VSG 1880 Offenbach"]

1. e4 c6 2. d4 d5 3. e5 Bf5 4. h4 h6 5. g4 Bd7 6. Bd3 Na6 7. Nc3 Nb4 8. Be2 e6 9. Be3 Qa5 10. a3 Na6 11. h5 c5 12. dxc5 Qc7 13. Nf3 Bxc5 14. Nb5 Bxb5 15. Bxb5+ Kf8 16. Bxc5+ Nxc5 17. Qe2 a6 18. Bd3 Ne7 19. O-O g6 20. Nd4 Nxd3 21. cxd3 gxh5 22. gxh5 Nc6 23. Nf3 Qe7 24. Kh1 Nd4 25. Nxd4 Qh4+ 26. Kg2 Rb8 27. Kf3 Qxh5+ 28. Kf4 Qh2+ 29. Kf3 Qg2+ 30. Ke3 Qg5+ 31. f4 1-0

[Event "Sparkassen-Open A"]
[Site "Heusenstamm, Martinsee"]
[Date "2025.11.22"]
[Round "5.75"]
[White "Kürschner, Matthias"]
[Black "Schulze, Manfred"]
[Result "1-0"]
[WhiteElo "1939"]
[BlackElo "1844"]
[PlyCount "109"]
[EventDate "2025.11.20"]
[WhiteTeam "SK Langen"]
[BlackTeam "SC Steinbach"]

1. e4 e5 2. Bc4 Nf6 3. d3 Nc6 4. Nc3 h6 5. Nge2 Bc5 6. O-O d6 7. Na4 Bb6 8. Nxb6 axb6 9. Bd2 Bg4 10. f3 Be6 11. Bb3 O-O 12. Bc3 Nh5 13. Qd2 Qg5 14. Qxg5 hxg5 15. g3 Bxb3 16. axb3 Ne7 17. d4 Nc6 18. Rfd1 Nf6 19. h3 Nd7 20. dxe5 Ndxe5 21. Bxe5 Nxe5 22. Kf2 Ra5 23. Rxa5 bxa5 24. Nd4 g6 25. g4 Rc8 26. Nb5 Kf8 27. Kg3 Ke7 28. f4 gxf4+ 29. Kxf4 Kd7 30. h4 Rh8 31. Rh1 f6 32. h5 Ke6 33. Nxc7+ Kf7 34. Nb5 Ke6 35. Nd4+ Kf7 36. Rh2 Ke7 37. Kg3 Nc6 38. Ne2 gxh5 39. gxh5 Rg8+ 40. Kf4 Ke6 41. Ng3 Ne7 42. Rd2 Kd7 43. Rh2 d5 44. Re2 Kd6 45. Nf5+ Nxf5 46. exf5 Rh8 47. Kg4 Rg8+ 48. Kh4 d4 49. Re6+ Kd5 50. h6 Rg1 51. Kh5 Rg5+ 52. Kh4 Rxf5 53. Re2 Rf4+ 54. Kg3 Rf1 55. h7 1-0

[Event "Sparkassen-Open A"]
[Site "Heusenstamm, Martinsee"]
[Date "2025.11.22"]
[Round "5.76"]
[White "Fock, Sana"]
[Black "Praszczalek, Jakub"]
[Result "1-0"]
[WhiteElo "1887"]
[BlackElo "1738"]
[PlyCount "92"]
[EventDate "2025.11.20"]
[WhiteTeam "FC ST.Pauli 1910 eV SAbt"]
[BlackTeam "SK Köln-Südwest"]

1. e4 c6 2. d4 d5 3. Nd2 dxe4 4. Nxe4 Nf6 5. Nxf6+ exf6 6. Bc4 Bd6 7. Ne2 O-O 8. O-O Re8 9. Be3 Nd7 10. h3 Nf8 11. Qd2 Ng6 12. Ng3 Nh4 13. f4 Qc7 14. Bd3 Ng6 15. Rae1 Bd7 16. Ne4 Bf8 17. Qf2 f5 18. Ng3 Ne7 19. c3 a5 20. Re2 a4 21. a3 Be6 22. c4 Qd7 23. Rd1 b5 24. d5 cxd5 25. cxb5 Nc8 26. Red2 Nd6 27. b6 Qb7 28. Bd4 Ne4 29. Bxe4 dxe4 30. Nh5 f6 31. Qg3 Kf7 32. Rc1 Rac8 33. Qe1 Red8 34. Be3 Rxd2 35. Qxd2 Rxc1+ 36. Qxc1 g6 37. Ng3 Ke8 38. Ne2 Be7 39. Qc3 Bd8 40. Qc5 Be7 41. Qc3 Bd8 42. Qb4 Bd7 43. Nc3 Be7 44. Qc4 Qc6 45. Qg8+ Bf8 46. b7 Be6 1-0

[Event "Sparkassen-Open A"]
[Site "Heusenstamm, Martinsee"]
[Date "2025.11.22"]
[Round "5.77"]
[White "Berberich, Christoph"]
[Black "Stuhlmann, Florian"]
[Result "1/2-1/2"]
[WhiteElo "1839"]
[BlackElo "1933"]
[PlyCount "110"]
[EventDate "2025.11.20"]
[WhiteTeam "SK Freiburg-Zähringen 1887 e.V."]
[BlackTeam "SC Königsflügel Lindenholzhausen"]

1. d4 d5 2. Nf3 Nf6 3. e3 c5 4. a3 e6 5. dxc5 Bxc5 6. b4 Bd6 7. Bb2 O-O 8. c4 dxc4 9. Bxc4 Qc7 10. Nbd2 Nbd7 11. Rc1 Qb8 12. Qb3 b5 13. Be2 a6 14. O-O Bb7 15. h3 Bd5 16. Qd3 Ne5 17. Nxe5 Bxe5 18. Bxe5 Qxe5 19. Qc3 Qg5 20. Bf3 h6 21. Bxd5 Nxd5 22. Qd4 Rfd8 23. Nf3 Qe7 24. Qc5 Qf6 25. Qd4 Qe7 26. Qc5 Qb7 27. Qc6 Qxc6 28. Rxc6 a5 29. Rc5 axb4 30. axb4 Rdb8 31. Nd4 Ra4 32. Rxb5 Rxb5 33. Nxb5 Rxb4 34. Nd4 Nc3 35. Ra1 e5 36. Nc6 Rb5 37. g4 Kh7 38. Ra7 Kg6 39. Kg2 Ne4 40. Ra2 Rc5 41. Ne7+ Kh7 42. Nf5 g6 43. Ng3 Nd6 44. Kf3 Kg7 45. Ne4 Rc6 46. Nxd6 Rxd6 47. Ra7 Rd2 48. h4 Rd1 49. Kg2 Rb1 50. Ra5 Rb4 51. Kg3 Kf6 52. Ra6+ Ke7 53. Ra7+ Kf6 54. Ra6+ Kg7 55. Ra5 Kf6 1/2-1/2

[Event "Sparkassen-Open A"]
[Site "Heusenstamm, Martinsee"]
[Date "2025.11.22"]
[Round "5.78"]
[White "Bernhart, Joseph"]
[Black "Wang, Simon"]
[Result "1-0"]
[WhiteElo "1932"]
[BlackElo "1824"]
[PlyCount "35"]
[EventDate "2025.11.20"]
[WhiteTeam "SK Kaiserslautern 1905"]
[BlackTeam "SF Dachau 1932 e.V."]

1. d4 d5 2. Bf4 c6 3. e3 Nf6 4. Nf3 e6 5. c3 Nbd7 6. Nbd2 Be7 7. Bd3 O-O 8. Ne5 Nxe5 9. dxe5 Nd7 10. h4 c5 11. Nf3 a6 12. Bxh7+ Kxh7 13. Ng5+ Bxg5 14. hxg5+ Kg6 15. Qh5+ Kf5 16. f3 Nxe5 17. g6+ Kf6 18. Qg5# 1-0

[Event "Sparkassen-Open A"]
[Site "Heusenstamm, Martinsee"]
[Date "2025.11.22"]
[Round "5.79"]
[White "Liu, Jonas"]
[Black "Kürschner, Liam"]
[Result "0-1"]
[WhiteElo "1836"]
[BlackElo "1921"]
[PlyCount "94"]
[EventDate "2025.11.20"]
[WhiteTeam "SV Oberursel"]
[BlackTeam "SK Langen"]

1. e4 c5 2. Nf3 d6 3. d4 cxd4 4. Nxd4 Nf6 5. Nc3 g6 6. f3 Bg7 7. Be3 O-O 8. Qd2 Nc6 9. O-O-O d5 10. exd5 Nxd5 11. Nxc6 bxc6 12. Bd4 e5 13. Bc5 Re8 14. Nxd5 cxd5 15. Qxd5 Qxd5 16. Rxd5 Be6 17. Rd1 Rec8 18. Be3 Bxa2 19. Ba6 Rc7 20. Rd6 Bb3 21. c3 h6 22. Re1 Re8 23. Bf1 Kh7 24. Ra6 Ree7 25. Ra3 Be6 26. Rd1 e4 27. fxe4 Bg4 28. Rd5 Rxe4 29. Kd2 Be6 30. Rda5 Rd7+ 31. Bd3 Rg4 32. Kc2 Rxg2+ 33. Bd2 Bc4 34. Bxc4 Rdxd2+ 35. Kb3 Rxb2+ 36. Ka4 Rg4 37. Rc5 Bf8 38. Rc7 Rxc4+ 39. Rxc4 Bxa3 40. Kxa3 Rxh2 41. Rc7 Kg7 42. Rxa7 h5 43. c4 Rc2 44. Kb3 Rc1 45. Rc7 h4 46. c5 h3 47. Kb2 h2 0-1

[Event "Sparkassen-Open A"]
[Site "Heusenstamm, Martinsee"]
[Date "2025.11.22"]
[Round "5.80"]
[White "Büse, Ralf"]
[Black "Spelleken, Mark"]
[Result "1-0"]
[WhiteElo "1923"]
[BlackElo "1745"]
[PlyCount "85"]
[EventDate "2025.11.20"]
[WhiteTeam "SC Ladja Roßdorf"]
[BlackTeam "SC Somborn 1933"]

1. d4 Nf6 2. Bf4 e6 3. e3 b6 4. Nd2 Bb7 5. Ngf3 d6 6. h3 Nbd7 7. c3 g6 8. Bb5 Bg7 9. O-O Qe7 10. Re1 O-O 11. e4 e5 12. dxe5 dxe5 13. Bh2 Rfd8 14. Qc2 Ba6 15. Bf1 h6 16. b4 Nh7 17. Nc4 Rac8 18. Rad1 Nhf8 19. Ne3 c6 20. Nc4 Rc7 21. Nfxe5 Nxe5 22. Rxd8 Qxd8 23. Nxe5 Re7 24. Nc4 Rd7 25. Bf4 b5 26. Na3 Qf6 27. Bd2 Rxd2 28. Qxd2 Qxc3 29. Qxc3 Bxc3 30. Rb1 Ne6 31. f3 Kf8 32. Nc2 Nd4 33. Nxd4 Bxd4+ 34. Kh1 Ke7 35. Rb3 Ke6 36. Rd3 Ke5 37. g3 Bc8 38. Bg2 Bf2 39. f4+ Ke6 40. Kh2 c5 41. bxc5 Bb7 42. f5+ Ke7 43. fxg6 1-0

[Event "Sparkassen-Open A"]
[Site "Heusenstamm, Martinsee"]
[Date "2025.11.22"]
[Round "5.81"]
[White "Gernert, Tomas"]
[Black "Nickel, Jonas"]
[Result "1-0"]
[WhiteElo "1810"]
[BlackElo "1919"]
[PlyCount "127"]
[EventDate "2025.11.20"]
[WhiteTeam "KS Ricany 1925"]
[BlackTeam "Schachdrachen Büdingen-Wächtersb"]

1. e4 c5 2. Nf3 g6 3. Bc4 e6 4. O-O Bg7 5. Nc3 Ne7 6. Re1 O-O 7. e5 d5 8. exd6 Nf5 9. Bf1 Qxd6 10. d3 Nc6 11. Ne4 Qe7 12. Bg5 f6 13. Be3 b6 14. c3 Bb7 15. Ng3 Nxg3 16. fxg3 Rad8 17. Bf2 Qf7 18. Qb3 Na5 19. Qxe6 Ba6 20. d4 Bxf1 21. Kxf1 cxd4 22. Nxd4 Nc4 23. Qxf7+ Rxf7 24. Re2 Rfd7 25. Rae1 Bh6 26. Rd1 Kf7 27. h3 Ne5 28. Be3 Bf8 29. Bf4 Nc6 30. Red2 Nxd4 31. Rxd4 Rxd4 32. cxd4 Ke6 33. Ke2 Kd5 34. Kd3 Rc8 35. g4 Rc4 36. Be3 Bd6 37. Rf1 Be7 38. b3 Rc6 39. Re1 Bb4 40. Bd2 Bxd2 41. Kxd2 Kxd4 42. Re7 a5 43. Rxh7 Ke4 44. h4 Kf4 45. h5 g5 46. Rg7 Kxg4 47. h6 f5 48. h7 Rh6 49. Ke3 f4+ 50. Ke4 Rg6 51. Kd5 Rh6 52. Ke5 f3 53. gxf3+ Kxf3 54. Kf5 g4 55. Kg5 Rh1 56. Rf7+ Kg3 57. Kg6 Kg2 58. Rf5 g3 59. Rh5 Rxh5 60. Kxh5 Kf1 61. h8=Q g2 62. Qf6+ Ke1 63. Qxb6 Kf1 64. a3 1-0

[Event "Sparkassen-Open A"]
[Site "Heusenstamm, Martinsee"]
[Date "2025.11.22"]
[Round "5.82"]
[White "Graschdankin, Roman"]
[Black "Weiss, Matthias"]
[Result "1/2-1/2"]
[WhiteElo "1801"]
[BlackElo "1980"]
[PlyCount "52"]
[EventDate "2025.11.20"]
[WhiteTeam "SK Bad Homburg 1927"]
[BlackTeam "SF Schöneck"]

1. e4 c5 2. c3 d5 3. exd5 Qxd5 4. d4 e6 5. Nf3 Nf6 6. Na3 Qd8 7. Be2 Nc6 8. O-O cxd4 9. Nb5 Be7 10. Nbxd4 Nxd4 11. Nxd4 O-O 12. Qb3 Qc7 13. Nb5 Qb8 14. Bf3 a6 15. Na3 Qc7 16. Be3 e5 17. Bb6 Qb8 18. c4 e4 19. Be2 Be6 20. Nc2 Qc8 21. Nd4 Bg4 22. Rfe1 Bxe2 23. Nxe2 Bc5 24. Bxc5 Qxc5 25. Nc3 Rfe8 26. Rad1 Qc6 1/2-1/2

[Event "Sparkassen-Open A"]
[Site "Heusenstamm, Martinsee"]
[Date "2025.11.22"]
[Round "5.83"]
[White "Meyer-Kahlen, Stefan"]
[Black "Hasenpflug, Till"]
[Result "0-1"]
[WhiteElo "1975"]
[BlackElo "1868"]
[PlyCount "120"]
[EventDate "2025.11.20"]
[WhiteTeam "SC Erkrath 1973"]
[BlackTeam "SK Bad Homburg 1927"]

1. d4 Nf6 2. Nf3 g6 3. g3 Bg7 4. Bg2 O-O 5. O-O d5 6. c4 dxc4 7. Na3 c6 8. Nxc4 Be6 9. b3 Bd5 10. Bb2 Nbd7 11. Rc1 a5 12. a3 Nb6 13. Nfd2 Bxg2 14. Kxg2 Qd5+ 15. e4 Qb5 16. a4 Qa6 17. Qc2 Rfd8 18. Ne5 Nfd7 19. Nd3 Rac8 20. Rfd1 Na8 21. e5 Nc7 22. Nf4 Nb6 23. Ne4 Nbd5 24. Nc5 Qa7 25. Qe4 Na6 26. e6 f5 27. Qf3 Nxc5 28. Rxc5 Nxf4+ 29. Qxf4 Rd6 30. Qe3 Rcd8 31. Bc3 b6 32. Rc4 Qb7 33. Kh3 Qc8 34. d5 c5 35. Bxg7 Kxg7 36. Qe5+ Kg8 37. g4 Rxe6 38. dxe6 Rxd1 39. gxf5 Rd3+ 40. Kh4 Qf8 41. Kg4 gxf5+ 42. Qxf5 Qxf5+ 43. Kxf5 Rxb3 44. Rg4+ Kf8 45. f4 Rh3 46. Rg2 c4 47. Rc2 c3 48. Ke5 Kg7 49. Rg2+ Kh6 50. Rc2 Re3+ 51. Kf5 Kg7 52. h4 Kh6 53. h5 Rh3 54. Ke4 Kxh5 55. Rg2 Kh6 56. f5 Rh4+ 57. Ke5 Rc4 58. f6 Rc5+ 59. Ke4 exf6 60. e7 Re5+ 0-1

[Event "Sparkassen-Open A"]
[Site "Heusenstamm, Martinsee"]
[Date "2025.11.22"]
[Round "5.84"]
[White "Werner, Rosalie"]
[Black "Richter, Johanna"]
[Result "1/2-1/2"]
[WhiteElo "1940"]
[BlackElo "1868"]
[PlyCount "98"]
[EventDate "2025.11.20"]
[WhiteTeam "VSG 1880 Offenbach"]
[BlackTeam "Sfr.Heidesheim"]

1. e4 c5 2. Nf3 Nc6 3. d4 cxd4 4. Nxd4 Nf6 5. Nc3 e5 6. Ndb5 d6 7. Bg5 a6 8. Na3 b5 9. Nd5 Be7 10. Bxf6 Bxf6 11. c4 b4 12. Nc2 a5 13. g3 O-O 14. Bg2 g6 15. Qd3 Bg7 16. Rd1 Re8 17. Nde3 Bf8 18. O-O Bb7 19. b3 Qb8 20. f4 Qa7 21. Kh1 Rad8 22. f5 Bg7 23. f6 Bf8 24. Nd5 Bc8 25. h3 Be6 26. Kh2 Nb8 27. Qd2 Na6 28. g4 Nc7 29. Nxc7 Qxc7 30. g5 Qc5 31. Qe1 Rd7 32. Qh4 Ra8 33. Rd3 Rda7 34. Ne3 a4 35. Ng4 axb3 36. axb3 Ra1 37. Re1 R8a2 38. Rdd1 Rxd1 39. Rxd1 Ra3 40. Rb1 Qd4 41. Qe1 Qc5 42. Ne3 Ra2 43. Nd1 h6 44. h4 Bg4 45. Qg3 Bc8 46. Kh1 Kh7 47. Qd3 Be6 48. Rb2 Ra1 49. Rb1 Ra2 1/2-1/2